UITU Library & LRC     

Schaums Outline of Theory and Problems of Beginning Statistics (Record no. 9700)

MARC details
000 -LEADER
fixed length control field 00501nam a2200181Ia 4500
008 - FIXED-LENGTH DATA ELEMENTS--GENERAL INFORMATION
fixed length control field 240925s9999 xx 000 0 und d
020 ## - INTERNATIONAL STANDARD BOOK NUMBER
International Standard Book Number 70612595
082 ## - DEWEY DECIMAL CLASSIFICATION NUMBER
Classification number 519.5 STE
100 ## - MAIN ENTRY--PERSONAL NAME
Personal name Stephen, Larry J
245 #0 - TITLE STATEMENT
Title Schaums Outline of Theory and Problems of Beginning Statistics
250 ## - EDITION STATEMENT
Edition statement NA
260 ## - PUBLICATION, DISTRIBUTION, ETC.
Place of publication, distribution, etc. New York:
Name of publisher, distributor, etc. McGraw-Hill
Date of publication, distribution, etc. ,1998.
300 ## - PHYSICAL DESCRIPTION
Extent xxv,609p.
Other physical details NA
Type of unit Photocopy
500 ## - GENERAL NOTE
General note Includes Index
600 ## - SUBJECT ADDED ENTRY--PERSONAL NAME
Personal name Humanities & Natural Science
650 ## - SUBJECT ADDED ENTRY--TOPICAL TERM
Topical term or geographic name entry element Mathematics
942 ## - ADDED ENTRY ELEMENTS (KOHA)
Koha item type Books
Holdings
Withdrawn status Lost status Damaged status Not for loan Collection Home library Current library Date acquired Source of acquisition Cost, normal purchase price Total checkouts Full call number Barcode Date last seen Price effective from Koha item type
        Humanities & Basic Sciences UITU Library UITU Library 11/03/2007 Standard Books 1225.99   519.5 STE Q7201 09/25/2024 09/25/2024 Books

Powered by Koha